000 00356nam a2200169Ia 4500
003 0STCL
008 150530s9999 xx 000 0 und d
040 _aSTCL
_cSTCL
100 _aBaliac
245 _aEugenic Grandet
260 _bJ.M.Dent
_c1930
300 _a0
546 _aEnglish
942 _2ddc
_cBK
999 _c58590
_d58590
005 20220125171049.0